Rovnovážne vlastnosti technicky dôležitých sústav : (1.4.1988 /

Guardado en:
Detalles Bibliográficos
Autor principal: Koštenská, Irena (Autor)
Formato: Libro
Publicado: Bratislava : SVŠT v Bratislave, 1987
Etiquetas: Agregar Etiqueta
Sin Etiquetas, Sea el primero en etiquetar este registro!

MARC

LEADER 00000nam a22000003a 4500
001 stu20687
005 20150617225749.8
008 ------s1987----cs----------------------d
040 |a STU  |b slo 
041 0
044 |a cs 
080 |a 541.121/.123.001.5 
100 1 |a Koštenská, Irena  |4 aut 
245 1 |a Rovnovážne vlastnosti technicky dôležitých sústav :  |b (1.4.1988 /  |c [aut.]Koštenská,Irena 
260 |a Bratislava :  |b SVŠT v Bratislave,  |c 1987 
300 |a 44 s 
996 |b CVS55  |c C*VS55  |l CCI  |s A  |a 24  |w stu20687_0001